| 000 | 00946cam a2200253 4500 | ||
|---|---|---|---|
| 001 | ABS66623 | ||
| 008 | 030428n2003 000 0 eng u | ||
| 035 | _a(Sirsi) u122093 | ||
| 245 | _aSpecial report: ports, airports and freight terminals | ||
| 260 | _c2003 | ||
| 490 |
_aProperty Week _v68(10) 14 March 2003, 41-48(5) |
||
| 520 | _aNew port and airport proposals are subject to long public inquiry hearings. This special report examines two cases - the inquiry which has just begun into P&O's plans for a new port at Shell Haven in Essex, and the imminent decision on plans to transform Finningley airport near Doncaster. | ||
| 590 | _aABS | ||
| 650 | _aPORTS | ||
| 650 | _aAIRPORTS | ||
| 650 | _aFREIGHT TERMINALS | ||
| 650 | _aPUBLIC INQUIRIES | ||
| 650 | _aESSEX | ||
| 650 | _aDONCASTER | ||
| 650 | _aP&O | ||
| 650 | _aPEEL HOLDINGS | ||
| 690 | _aENVIRONMENTAL AND LAND CONSULTANCY-PLANNING AND DEVELOPMENT | ||
| 942 | _n0 | ||
| 999 |
_c72549 _d72549 |
||